000 00574nam a2200193Ia 4500
005 20250326144839.0
008 250326s9999 xx 000 0 und d
020 _a0-8144-7216-8
037 _aTextbook
040 _aFMSL
_beng
_cFMSL
041 _aeng
_2eng
084 _aX:51 P4
_qFMSL
100 _aMills H
_9750190
245 0 _aRainmarker's toolkit : power strategies for finding, keeping and growing profitable clients
_cMills H
260 _aNew York
_bNew York, AMACOM
_c2004
300 _a283p
942 _cTB
_hX:51 P4
999 _c1305296
_d1305296